000 00357nam a22001457a 4500
003 macl
005 20180807163007.0
008 180807b xxu||||| |||| 00| 0 eng d
040 _cmacl
100 _aVerma, Abhas
_972583
245 _aThird Battle of Panipat
260 _aDelhi
_bBharatiya Kala Praka
_c2013
650 _aHistory
_972846
942 _2ddc
_cBK
999 _c58288
_d58288